Chemistry: structure and reactions
Salvato in:
| Autore principale: | |
|---|---|
| Natura: | Libro |
| Lingua: | inglese |
| Pubblicazione: |
Nueva York
Holt, Rinehart and Winston
1966
|
| Soggetti: | |
| Tags: |
Aggiungi Tag
Nessun Tag, puoi essere il primo ad aggiungerne!!
|
MARC
| LEADER | 00000nam a2200000 a 4500 | ||
|---|---|---|---|
| 001 | UCT2039 | ||
| 003 | CL-VaPUC | ||
| 008 | 961004e19660000US |||||||||||||||||eng|d | ||
| 082 | 0 | 4 | |a 541.39 |b SNY |2 21 |
| 100 | 0 | |a Snyder, Milton K |e author |9 371115 | |
| 245 | 1 | 0 | |a Chemistry: structure and reactions |
| 300 | |a 748 p | ||
| 942 | |c BK | ||
| 945 | |d 19961004 00:00:00 |a paguirre | ||
| 260 | |a Nueva York |b Holt, Rinehart and Winston |c 1966 | ||
| 650 | 0 | |a Química |9 259896 | |
| 650 | 0 | |a Reacciones químicas |9 259438 | |
| 650 | 7 | |a ENERGIA QUIMICA |2 CL-VaPUC |9 371116 | |
| 650 | 0 | |a Estados de la Materia |9 347141 | |
| 650 | 0 | |a Moléculas |9 259584 | |
| 650 | 0 | |a Átomos |9 259583 | |
| 650 | 0 | |a Estructura atómica |9 259944 | |
| 583 | |a last modification |c 19961004 00:00:00 |k Rodrigo Vera | ||
| 999 | |c 252330 |d 252328 | ||
| 952 | |0 0 |1 0 |4 0 |6 541_390000000000000_SNY_1966 |7 0 |8 A |9 272133 |a BIBCUR |b BIBCUR |d 2019-11-19 |i 175730K |o 541.39 SNY 1966 |p 175730K |r 2025-04-22 |w 2019-11-19 |y BK |k BCB | ||